| 000 | 00781nac a22002051u 4500 | ||
|---|---|---|---|
| 008 | 100919t xxu||||| |||| 00| 0 eng d | ||
| 010 | _a 64018544 | ||
| 020 | _a0333542436 | ||
| 024 | _a0333542436 | ||
| 082 | 0 | 0 |
_a624.068 _bDAY |
| 100 |
_aDay, David W.J. _919463 |
||
| 245 | 1 | 0 |
_aProject Management and Control / _cDavid W.J. Day. |
| 260 |
_aLondon : _bMacmillan,1994 _c1994. |
||
| 300 |
_a191p: _c21 cm. |
||
| 490 |
_919462 _aMacmillan Building and Surveying Series |
||
| 650 | 0 |
_aConstruction industry _911663 _xManagement. |
|
| 650 | 0 |
_aProject management. _919464 |
|
| 942 |
_cBB _k624.068DAY _2ddc |
||
| 999 |
_c4062 _d4062 |
||